000 00306nam a22001217a 4500
040 _cSK
082 _a333
100 _aTRAN THANHCANH; ត្រាន ថាន់កាញ់
245 _aដី និងព្រៃកម្ពុជា
260 _aFRANCE
_bTRA
_c1995
300 _a152p.
942 _cKB
999 _c9392
_d9392